[Event "Heraklion op 23rd"]
[Site "Heraklion"]
[Date "2018.04.13"]
[Round "7"]
[White "Spirou, Gerasimos"]
[Black "Kotsinis, Alexandros"]
[Result "0-1"]
[WhiteElo "1689"]
[BlackElo "1647"]
[PlyCount "94"]
[EventDate "2018.04.09"]
[EventType "swiss"]
[EventRounds "9"]
[EventCountry "GRE"]
[SourceTitle "CBM 184 Extra"]
[Source "ChessBase"]
[SourceDate "2018.06.28"]
[SourceVersion "1"]
[SourceVersionDate "2018.06.28"]
[SourceQuality "1"]

1. e4 e6 2. d4 d5 3. e5 c5 4. c3 Nc6 5. Bb5 Bd7 6. Bxc6 bxc6 7. Nf3 f6 8. 0-0 cxd4 9. exf6 Nxf6 10. cxd4 Bd6 11. Bg5 0-0 12. Nc3 Rb8 13. b3 Qc7 14. Qe2 Bb4 15. Rac1 Bxc3 16. Rxc3 Ne4 17. Re3 Rxf3 18. Rxe4 dxe4 19. gxf3 Qa5 20. Bf4 exf3 21. Qxf3 Rf8 22. Qg3 Rf6 23. Qe3 Qxa2 24. Kh1 Qa5 25. Rg1 Qd5+ 26. f3 c5 27. Rg5 cxd4 28. Rxd5 dxe3 29. Rxd7 Rxf4 30. Re7 Rxf3 31. Rxe6 Kf7 32. Re4 e2 33. Rxe2 Rxb3 34. Ra2 Rb7 35. Ra6 Ke8 36. Kg2 Rf7 37. h4 Kd8 38. Kg3 Kc8 39. Kg4 Kb7 40. Ra5 Kb6 41. Rh5 h6 42. Re5 a5 43. Kh5 a4 44. Kg6 Ra7 45. h5 a3 46. Rf5 a2 47. Rf1 Kc5 0-1

[Event "Heraklion op 22nd"]
[Site "Heraklion"]
[Date "2018.01.07"]
[Round "8"]
[White "Spirou, Gerasimos"]
[Black "Dagkonaki, Aspasia"]
[Result "1/2-1/2"]
[WhiteElo "1697"]
[BlackElo "1381"]
[PlyCount "80"]
[EventDate "2018.01.02"]
[EventType "swiss"]
[EventRounds "9"]
[EventCountry "GRE"]
[SourceTitle "EXT 2019"]
[Source "ChessBase"]
[SourceDate "2018.10.10"]
[SourceVersion "1"]
[SourceVersionDate "2018.10.10"]
[SourceQuality "1"]

1. d4 d5 2. Nf3 Nf6 3. e3 Bg4 4. c4 e6 5. Nc3 dxc4 6. Bxc4 c5 7. d5 exd5 8. Nxd5 Nc6 9. 0-0 Ne5 10. Nxf6+ Qxf6 11. Bb5+ Nc6 12. Be2 Be7 13. Qb3 b6 14. Qa4 Bd7 15. Qb3 0-0 16. Bd2 Rad8 17. Bc3 Qg6 18. Ne5 Nxe5 19. Bxe5 Bc6 20. Bg3 Bh4 21. Rfd1 Bxg3 22. hxg3 Qe4 23. Bf3 Qg6 24. Rxd8 Rxd8 25. Rd1 Rxd1+ 26. Qxd1 Kf8 27. Qd8+ Be8 28. b3 Qf6 29. Qa8 a5 30. Qb8 Ke7 31. Qc7+ Bd7 32. Bg4 Qd6 33. Qb7 Qc6 34. Qa7 g6 35. e4 b5 36. Bxd7 Qxd7 37. Qxc5+ Kd8 38. Qb6+ Ke8 39. Qb8+ Ke7 40. Qe5+ Kd8 1/2-1/2

[Event "Heraklion op 22nd"]
[Site "Heraklion"]
[Date "2018.01.05"]
[Round "5"]
[White "Lirindzakis, Timotheos"]
[Black "Spirou, Gerasimos"]
[Result "1-0"]
[WhiteElo "2148"]
[BlackElo "1697"]
[PlyCount "43"]
[EventDate "2018.01.02"]
[EventType "swiss"]
[EventRounds "9"]
[EventCountry "GRE"]
[SourceTitle "EXT 2019"]
[Source "ChessBase"]
[SourceDate "2018.10.10"]
[SourceVersion "1"]
[SourceVersionDate "2018.10.10"]
[SourceQuality "1"]

1. d4 d5 2. c4 c6 3. cxd5 cxd5 4. Bf4 Nc6 5. e3 Nf6 6. Nc3 a6 7. Bd3 e6 8. Rc1 Bd6 9. Bxd6 Qxd6 10. f4 h5 11. Nf3 Ng4 12. Qe2 g6 13. h3 Nh6 14. 0-0 Nf5 15. Qf2 Bd7 16. e4 dxe4 17. Nxe4 Qxf4 18. Nf6+ Ke7 19. Nxd7 Qe3 20. Bxf5 Qxf2+ 21. Kxf2 gxf5 22. Nde5 1-0

[Event "Heraklion op 22nd"]
[Site "Heraklion"]
[Date "2018.01.04"]
[Round "4"]
[White "Spirou, Gerasimos"]
[Black "Papidakis, Georgios"]
[Result "1/2-1/2"]
[WhiteElo "1697"]
[BlackElo "1652"]
[PlyCount "35"]
[EventDate "2018.01.02"]
[EventType "swiss"]
[EventRounds "9"]
[EventCountry "GRE"]
[SourceTitle "EXT 2019"]
[Source "ChessBase"]
[SourceDate "2018.10.10"]
[SourceVersion "1"]
[SourceVersionDate "2018.10.10"]
[SourceQuality "1"]

1. e4 c5 2. Nf3 e6 3. d4 cxd4 4. Nxd4 Nc6 5. c3 Nf6 6. Bd3 a6 7. a4 Bc5 8. Nxc6 bxc6 9. b4 Ba7 10. 0-0 0-0 11. Qe2 d5 12. Bg5 dxe4 13. Bxe4 Bb7 14. Nd2 Qe7 15. b5 axb5 16. axb5 cxb5 17. Bxf6 gxf6 18. Bxh7+ 1/2-1/2

[Event "Heraklion op 21st"]
[Site "Heraklion"]
[Date "2017.09.07"]
[Round "6"]
[White "Spirou, Gerasimos"]
[Black "Galanakis, Nikos"]
[Result "1-0"]
[WhiteElo "1700"]
[BlackElo "1525"]
[PlyCount "75"]
[EventDate "2017.09.03"]
[EventType "swiss"]
[EventRounds "9"]
[EventCountry "GRE"]
[SourceTitle "CBM 180 Extra"]
[Source "ChessBase"]
[SourceDate "2017.10.06"]
[SourceVersion "1"]
[SourceVersionDate "2017.10.06"]
[SourceQuality "1"]

1. d4 d5 2. Nf3 Nf6 3. g3 e6 4. Bg2 c5 5. 0-0 cxd4 6. Nxd4 Nc6 7. c4 Qb6 8. Nb5 a6 9. Be3 Qd8 10. cxd5 Nxd5 11. Nd4 Nxe3 12. fxe3 Nxd4 13. exd4 Qb6 14. Qd2 Bb4 15. Nc3 0-0 16. e3 Bd7 17. a3 Be7 18. Rac1 Rfd8 19. Qf2 Be8 20. b4 Bf6 21. Ne4 Be7 22. h4 a5 23. h5 axb4 24. axb4 Rac8 25. h6 f5 26. Nc5 Bxc5 27. bxc5 Qa6 28. Ra1 Qd3 29. Rfd1 Qc3 30. Rdc1 Qd3 31. Bxb7 Rb8 32. c6 Rxb7 33. cxb7 Qe4 34. Rc8 Bc6 35. Rxd8+ Kf7 36. Rd7+ Kf6 37. d5 exd5 38. Rd6+ 1-0

[Event "Heraklion op 21st"]
[Site "Heraklion"]
[Date "2017.09.04"]
[Round "3"]
[White "Antic, Dejan"]
[Black "Spirou, Gerasimos"]
[Result "1-0"]
[WhiteElo "2431"]
[BlackElo "1700"]
[PlyCount "39"]
[EventDate "2017.09.03"]
[EventType "swiss"]
[EventRounds "9"]
[EventCountry "GRE"]
[SourceTitle "CBM 180 Extra"]
[Source "ChessBase"]
[SourceDate "2017.10.06"]
[SourceVersion "1"]
[SourceVersionDate "2017.10.06"]
[SourceQuality "1"]

1. d4 d5 2. c4 c6 3. Nf3 Nf6 4. Nc3 e6 5. g3 Bb4 6. Bg2 Ne4 7. Bd2 Qa5 8. Qc2 Bxc3 9. Bxc3 Nxc3 10. bxc3 dxc4 11. Nd2 b5 12. 0-0 Bb7 13. a4 Qc7 14. Qb2 a6 15. axb5 axb5 16. Rxa8 Bxa8 17. Qa3 Bb7 18. Ne4 Qe7 19. Qa7 Na6 20. Qxb7 1-0

[Event "Heraklion op 19th"]
[Site "Heraklion"]
[Date "2017.01.03"]
[Round "2"]
[White "Dagkonaki, Aspasia"]
[Black "Spirou, Gerasimos"]
[Result "0-1"]
[WhiteElo "1364"]
[BlackElo "1704"]
[PlyCount "56"]
[EventDate "2017.01.02"]
[EventType "swiss"]
[EventRounds "9"]
[EventCountry "GRE"]
[SourceTitle "CBM 176 Extra"]
[Source "ChessBase"]
[SourceDate "2017.03.02"]
[SourceVersion "1"]
[SourceVersionDate "2017.03.02"]
[SourceQuality "1"]

1. e4 e5 2. Nf3 d6 3. Bc4 Bg4 4. h3 Bd7 5. d3 Be7 6. Be3 a5 7. c3 a4 8. a3 Nf6 9. 0-0 Qc8 10. Kh2 Nc6 11. Nbd2 Nd8 12. Ng1 h5 13. f4 Ng4+ 14. hxg4 hxg4+ 15. Nh3 gxh3 16. Rh1 b5 17. Ba2 Bg4 18. Qe1 exf4 19. Bxf4 hxg2+ 20. Kxg2 Bh3+ 21. Kg1 Bh4 22. Qe2 Ne6 23. Bxe6 Qxe6 24. Qf3 Qg6+ 25. Kh2 Bg4 26. Qf1 Be1+ 27. Kg2 Be2+ 28. Bg5 Qxg5# 0-1

[Event "Heraklion op 18th"]
[Site "Heraklion"]
[Date "2016.09.10"]
[Round "9"]
[White "Kadianis, Georgios"]
[Black "Spirou, Gerasimos"]
[Result "1-0"]
[WhiteElo "2008"]
[BlackElo "1701"]
[PlyCount "55"]
[EventDate "2016.09.03"]
[EventType "swiss"]
[EventRounds "9"]
[EventCountry "GRE"]
[SourceTitle "CBM 174 Extra"]
[Source "ChessBase"]
[SourceDate "2016.10.10"]
[SourceVersion "1"]
[SourceVersionDate "2016.10.10"]
[SourceQuality "1"]

1. e4 e5 2. Nf3 d6 3. d4 Nd7 4. Nc3 c6 5. Be3 Be7 6. Qd2 Qc7 7. h3 Ngf6 8. g4 h6 9. 0-0-0 Nb6 10. Be2 Be6 11. g5 hxg5 12. Nxg5 Bc4 13. f4 Bxe2 14. Qxe2 Nfd7 15. h4 Bxg5 16. fxg5 0-0-0 17. h5 g6 18. hxg6 fxg6 19. Rh6 Rhg8 20. Rh7 Rdf8 21. dxe5 dxe5 22. Qg4 Rd8 23. Bc5 Nc4 24. Qe6 b6 25. Rdxd7 Rxd7 26. Qxg8+ Kb7 27. Rxd7 Qxd7 28. Qxc4 1-0

[Event "Heraklion op 18th"]
[Site "Heraklion"]
[Date "2016.09.04"]
[Round "2"]
[White "Spirou, Gerasimos"]
[Black "Kasparova, Tatiana"]
[Result "1/2-1/2"]
[WhiteElo "1701"]
[BlackElo "2168"]
[PlyCount "116"]
[EventDate "2016.09.03"]
[EventType "swiss"]
[EventRounds "9"]
[EventCountry "GRE"]
[SourceTitle "CBM 174 Extra"]
[Source "ChessBase"]
[SourceDate "2016.10.10"]
[SourceVersion "1"]
[SourceVersionDate "2016.10.10"]
[SourceQuality "1"]

1. e4 c6 2. d4 d5 3. e5 Bf5 4. Nf3 e6 5. Bd3 Bxd3 6. Qxd3 Nd7 7. 0-0 Ne7 8. b3 Ng6 9. a4 Be7 10. g3 0-0 11. h4 f6 12. exf6 Rxf6 13. Bg5 Rf7 14. Nbd2 e5 15. dxe5 Ngxe5 16. Qe3 Nxf3+ 17. Nxf3 Qf8 18. Bf4 Bc5 19. Qd2 Bb4 20. c3 Bd6 21. Bxd6 Qxd6 22. Ng5 Rf6 23. Qc2 Nf8 24. Rad1 Qc5 25. b4 Qb6 26. a5 Qb5 27. Rfe1 h6 28. Nh3 Ne6 29. Re5 Qc4 30. Qd3 Qg4 31. Kh2 Raf8 32. f4 Nd8 33. Rde1 Nf7 34. Re7 Nd6 35. Nf2 Qc8 36. a6 bxa6 37. Rxa7 Nb5 38. Rae7 Qf5 39. Qe3 Nd6 40. Re5 Qg6 41. Re6 Rxe6 42. Qxe6+ Qxe6 43. Rxe6 Rf6 44. Re7 Nb5 45. Ng4 Kf8 46. Re3 Rd6 47. Rd3 h5 48. Ne5 Re6 49. Kg2 Ke7 50. Kf3 Kd6 51. c4 Nc7 52. Rc3 d4 53. Rd3 c5 54. bxc5+ Kxc5 55. Ke4 Rd6 56. Nf7 Rd7 57. Ne5 Rd8 58. Nf7 Rd7 1/2-1/2

[Event "Heraklion Gazi op 12th"]
[Site "Malevizi"]
[Date "2016.07.28"]
[Round "1"]
[White "Kharitonov, Alexandr"]
[Black "Spirou, Gerasimos"]
[Result "1-0"]
[WhiteElo "2558"]
[BlackElo "1682"]
[PlyCount "59"]
[EventDate "2016.07.28"]
[EventType "swiss"]
[EventRounds "9"]
[EventCountry "GRE"]
[SourceTitle "CBM 173 Extra"]
[Source "ChessBase"]
[SourceDate "2016.08.29"]
[SourceVersion "1"]
[SourceVersionDate "2016.08.29"]
[SourceQuality "1"]

1. d4 Nf6 2. c4 e6 3. Nc3 Be7 4. e4 0-0 5. Bd3 d6 6. Nge2 Nbd7 7. Ng3 b6 8. f4 e5 9. fxe5 dxe5 10. d5 Nc5 11. Be2 Bd7 12. 0-0 Qc8 13. Kh1 Bg4 14. b4 Bxe2 15. Qxe2 Nb7 16. a3 Qg4 17. Nf5 Bd8 18. Rf3 Nh5 19. h3 Qg6 20. g4 Nf4 21. Bxf4 exf4 22. e5 Re8 23. Rxf4 Bf6 24. Re4 Bd8 25. Rf1 a5 26. h4 axb4 27. axb4 Be7 28. Nb5 Bd8 29. h5 Qg5 30. Nbd4 1-0

[Event "Heraklion op 17th"]
[Site "Heraklion"]
[Date "2016.05.06"]
[Round "6"]
[White "Lirindzakis, Timotheos"]
[Black "Spirou, Gerasimos"]
[Result "1-0"]
[WhiteElo "2221"]
[BlackElo "1660"]
[PlyCount "81"]
[EventDate "2016.05.02"]
[EventType "swiss"]
[EventRounds "9"]
[EventCountry "GRE"]
[SourceTitle "CBM 172 Extra"]
[Source "ChessBase"]
[SourceDate "2016.06.21"]
[SourceVersion "1"]
[SourceVersionDate "2016.06.21"]
[SourceQuality "1"]

1. d4 Nf6 2. c4 e6 3. Nf3 Be7 4. g3 b6 5. Bg2 Bb7 6. 0-0 0-0 7. Nc3 d5 8. Ne5 Nbd7 9. Qa4 c5 10. Nxd7 Nxd7 11. cxd5 cxd4 12. Qxd4 Bf6 13. Qd1 Bxc3 14. bxc3 exd5 15. c4 Re8 16. cxd5 Ba6 17. Re1 Qf6 18. Rb1 Rad8 19. Bb2 Qg6 20. Rc1 Nc5 21. Bd4 Ne4 22. f3 Nd6 23. e4 Bc8 24. Qd2 f6 25. Bf1 h5 26. Qf4 Nf7 27. Kh1 Ng5 28. e5 fxe5 29. Rxe5 Rxe5 30. Bxe5 Rf8 31. Qe3 Nxf3 32. Rxc8 Rxc8 33. Qxf3 Rf8 34. Bd3 Qh6 35. Qe2 h4 36. gxh4 Qxh4 37. Bg3 Qh6 38. Qe6+ Qxe6 39. dxe6 Re8 40. Bc4 b5 41. Bxb5 1-0

[Event "Heraklion Gazi op 10th"]
[Site "Heraklion"]
[Date "2014.08.01"]
[Round "4"]
[White "Spirou, Gerasimos"]
[Black "Anagnostopoulos, Konstantinos"]
[Result "0-1"]
[WhiteElo "1673"]
[BlackElo "2190"]
[PlyCount "48"]
[EventDate "2014.07.30"]
[EventType "swiss"]
[EventRounds "9"]
[EventCountry "GRE"]
[SourceTitle "EXT 2016"]
[Source "ChessBase"]
[SourceDate "2015.10.08"]
[SourceVersion "1"]
[SourceVersionDate "2015.10.08"]
[SourceQuality "1"]

1. Nf3 Nf6 2. c4 g6 3. Nc3 d5 4. cxd5 Nxd5 5. g3 Nxc3 6. bxc3 Bg7 7. d4 c5 8. Qa4+ Bd7 9. Qc4 Qa5 10. Bd2 Be6 11. d5 Bd7 12. e4 Na6 13. Rb1 0-0 14. Rxb7 Nc7 15. Qb3 Ba4 16. Qa3 Rab8 17. c4 Qa6 18. Rxc7 Rb1+ 19. Bc1 Bb2 20. Qxc5 Rxc1+ 21. Kd2 Qf6 22. Bg2 Qc3+ 23. Ke2 Rc2+ 24. Kf1 Qd3+ 0-1

[Event "Heraklio SOI op 11th"]
[Site "Heraklion"]
[Date "2014.04.25"]
[Round "5"]
[White "Spirou, Gerasimos"]
[Black "Sandalakis, Nikolaos"]
[Result "1/2-1/2"]
[WhiteElo "1658"]
[BlackElo "1961"]
[PlyCount "119"]
[EventDate "2014.04.21"]
[EventType "swiss"]
[EventRounds "7"]
[EventCountry "GRE"]
[SourceTitle "EXT 2024"]
[Source "ChessBase"]
[SourceDate "2023.10.10"]
[SourceVersion "1"]
[SourceVersionDate "2023.10.10"]
[SourceQuality "1"]

1. c4 c6 2. Nc3 d5 3. cxd5 cxd5 4. d4 Nf6 5. Nf3 Nc6 6. g3 Bf5 7. Nh4 Bg4 8. f3 Bh5 9. Ng2 e6 10. Nf4 Bd6 11. e3 Bxf4 12. exf4 Qb6 13. Bb5 0-0 14. Bxc6 Qxc6 15. 0-0 Rfc8 16. Qb3 Bg6 17. Bd2 Ne8 18. Rac1 Qd7 19. Na4 b6 20. Qa3 Nd6 21. b3 h5 22. Rxc8+ Rxc8 23. Rc1 Nb5 24. Qb4 Rxc1+ 25. Bxc1 Qc6 26. Qd2 Nxd4 27. Kf2 Nb5 28. Bb2 h4 29. gxh4 d4 30. Bxd4 Bh5 31. Be3 Qxf3+ 32. Kg1 Qg4+ 33. Qg2 Qxh4 34. Qa8+ Kh7 35. Qe4+ Bg6 36. Qf3 Qe1+ 37. Kg2 Qb1 38. Qe2 Qe4+ 39. Kf2 Qh1 40. Qxb5 Qxh2+ 41. Ke1 Qxa2 42. Nc3 Qa1+ 43. Nd1 Qb1 44. b4 Qe4 45. Ke2 Qc2+ 46. Bd2 a6 47. Qg5 Qd3+ 48. Ke1 f6 49. Qg2 Bh5 50. Nc3 f5 51. Qf1 Qg3+ 52. Qf2 Qh3 53. Qf1 Qh4+ 54. Qf2 Qh1+ 55. Qf1 Qb7 56. Qh3 Kh6 57. Ne2 Qe4 58. Qe3 Qc6 59. Qg3 Bxe2 60. Kxe2 1/2-1/2

[Event "Heraklio SOI op 11th"]
[Site "Heraklion"]
[Date "2014.04.22"]
[Round "2"]
[White "Anagnostopoulos, K."]
[Black "Spirou, Gerasimos"]
[Result "1-0"]
[WhiteElo "2170"]
[BlackElo "1658"]
[PlyCount "101"]
[EventDate "2014.04.21"]
[EventType "swiss"]
[EventRounds "7"]
[EventCountry "GRE"]
[SourceTitle "EXT 2024"]
[Source "ChessBase"]
[SourceDate "2023.10.10"]
[SourceVersion "1"]
[SourceVersionDate "2023.10.10"]
[SourceQuality "1"]

1. d4 c6 2. c4 d5 3. Nc3 Nf6 4. cxd5 cxd5 5. Bf4 a6 6. e3 Nc6 7. Bd3 Bg4 8. Nge2 e6 9. f3 Bh5 10. Bg3 Bg6 11. 0-0 Bd6 12. Nf4 Nh5 13. Nxh5 Bxh5 14. Na4 Bxg3 15. hxg3 Qg5 16. Kf2 Bg6 17. Bxg6 hxg6 18. Nc5 Qe7 19. Qb3 0-0 20. f4 b5 21. Qd3 f5 22. Rac1 Rfc8 23. Qd2 a5 24. b3 b4 25. Na4 Rab8 26. Rc5 Qd8 27. Rfc1 Na7 28. Qe2 Rxc5 29. Nxc5 Qd6 30. Na6 Rb6 31. Nc5 Nb5 32. Qd2 Nc3 33. Rxc3 bxc3 34. Qxc3 Rb4 35. Nd3 Rb5 36. Qc8+ Kh7 37. Ne5 Rb8 38. Qc1 Qb4 39. Qh1+ Kg8 40. Nxg6 Qd2+ 41. Kf3 Kf7 42. Ne5+ Kg8 43. Ng6 Kf7 44. Qh7 Rg8 45. Ne5+ Kf8 46. Qh4 Qd1+ 47. Kf2 Qd2+ 48. Kg1 Qxe3+ 49. Kh2 g5 50. Qh6+ Rg7 51. Qh8+ 1-0

[Event "Gazi op 8th"]
[Site "Gazi"]
[Date "2012.08.04"]
[Round "1"]
[White "Spirou, Gerasimos"]
[Black "Sethuraman, SP."]
[Result "0-1"]
[WhiteElo "1645"]
[BlackElo "2546"]
[PlyCount "72"]
[EventDate "2012.08.04"]
[EventType "swiss"]
[EventRounds "9"]
[EventCountry "GRE"]
[SourceTitle "EXT 2024"]
[Source "ChessBase"]
[SourceDate "2023.10.10"]
[SourceVersion "1"]
[SourceVersionDate "2023.10.10"]
[SourceQuality "1"]

1. e4 c5 2. Nf3 e6 3. d4 cxd4 4. Nxd4 Nf6 5. Nc3 d6 6. Bd3 Nc6 7. Nb3 a6 8. Be3 b5 9. a3 Bb7 10. f3 Be7 11. Qd2 0-0 12. 0-0 Ne5 13. Qe2 Rc8 14. Rad1 Qc7 15. h3 d5 16. exd5 Nxd5 17. Nxd5 Bxd5 18. Nd2 Nxd3 19. cxd3 Qc2 20. Bd4 Qa4 21. Bc3 a5 22. Ne4 b4 23. axb4 axb4 24. Ra1 Qd7 25. Be5 f6 26. Bf4 Rfd8 27. Be3 Qb5 28. Rf2 f5 29. Nd2 Bf6 30. Ra7 Rc2 31. f4 Bxb2 32. Qh5 Rf8 33. Nf3 Rxf2 34. Bxf2 Qe8 35. Qxe8 Rxe8 36. d4 b3 0-1

[Event "Heraklion 3rd op A"]
[Site "Heraklion"]
[Date "2011.09.07"]
[Round "2"]
[White "Balokas, Dimitrios"]
[Black "Spirou, Gerasimos"]
[Result "1-0"]
[WhiteElo "2056"]
[BlackElo "1633"]
[PlyCount "105"]
[EventDate "2011.09.06"]
[EventType "swiss"]
[EventRounds "7"]
[EventCountry "GRE"]
[SourceTitle "EXT 2024"]
[Source "ChessBase"]
[SourceDate "2023.10.10"]
[SourceVersion "1"]
[SourceVersionDate "2023.10.10"]
[SourceQuality "1"]

1. d4 e6 2. c4 d5 3. Nf3 Nf6 4. Nc3 Be7 5. Qc2 h6 6. Bf4 c6 7. e3 Nbd7 8. h3 dxc4 9. Bxc4 Nb6 10. Bd3 Nbd5 11. Be5 Nb4 12. Qe2 Nxd3+ 13. Qxd3 Bd7 14. 0-0 0-0 15. Rfd1 Rc8 16. Rac1 Qb6 17. Na4 Qd8 18. Nc5 b6 19. Nb7 Qe8 20. Nd6 Bxd6 21. Bxd6 Qd8 22. Bxf8 Qxf8 23. Ne5 Be8 24. Rc2 Qd6 25. a3 Nd5 26. e4 Ne7 27. b4 f6 28. Nc4 Qc7 29. Ne3 Rd8 30. Qc4 Bf7 31. b5 e5 32. d5 c5 33. Qd3 Nc8 34. Nf5 Nd6 35. Nxd6 Qxd6 36. a4 g5 37. Ra2 Kg7 38. a5 Rd7 39. axb6 axb6 40. Ra8 Rc7 41. Rda1 c4 42. Qa3 Qd7 43. Qf8+ Kg6 44. Qd8 f5 45. Qxd7 Rxd7 46. R1a7 Rd6 47. Rf8 Rf6 48. d6 Rxd6 49. Rfxf7 fxe4 50. Rfc7 Rd1+ 51. Kh2 Rb1 52. Rc6+ Kh5 53. g4+ 1-0

[Event "Heraklion Gazi op"]
[Site "Heraklion"]
[Date "2005.10.02"]
[Round "7"]
[White "Spirou, Gerasimos"]
[Black "Kolomvakis, Stelios"]
[Result "1/2-1/2"]
[WhiteElo "1000"]
[BlackElo "1230"]
[PlyCount "30"]
[EventDate "2005.09.27"]
[EventType "swiss"]
[EventRounds "7"]
[EventCountry "GRE"]
[SourceTitle "EXT 2007"]
[Source "ChessBase"]
[SourceDate "2006.11.23"]
[SourceVersion "1"]
[SourceVersionDate "2006.11.23"]
[SourceQuality "1"]

1. e4 c5 2. Nf3 Nc6 3. Nc3 Nf6 4. Bc4 e6 5. d3 d5 6. exd5 exd5 7. Bb3 Bg4 8. Bg5 d4 9. Nd5 Be7 10. Qe2 Bxf3 11. Qxf3 Nxd5 12. Bxd5 Ne5 13. Qe4 Bxg5 14. Qxe5+ Qe7 15. Qxe7+ Bxe7 1/2-1/2